| 000 | 00608nam a2200181Ia 4500 | ||
|---|---|---|---|
| 003 | GCL | ||
| 008 | 140319s9999 xx 000 0 ara d | ||
| 040 |
_aGCL / _cGCL |
||
| 082 | 0 | 4 |
_a329.02 _bا ا |
| 100 | 1 | _aاسامة الغزالى حرب | |
| 245 | 1 | 0 |
_aالاحزاب السياسية فى العالم الثالث (عالم المعرفة 117 ) / _cاسامة الغزالى حرب |
| 300 | _a219 ص | ||
| 490 |
_aعالم المعرفة _v0 |
||
| 650 | 0 | 4 | _aالعالم الثالث |
| 650 | 0 | 4 | _aالاحزاب السياسية |
| 650 | 0 | 4 | _aالممارسة السياسية |
| 942 |
_2ddc _cBK |
||
| 999 |
_c51540 _d51540 |
||